[Event "ESP-ch U18"]
[Site "Salobrena"]
[Date "2015.07.27"]
[Round "2"]
[White "Perez Pacheco, Ricardo"]
[Black "Tabera Benitez, Sebastian"]
[Result "0-1"]
[WhiteElo "2033"]
[BlackElo "1758"]
[PlyCount "81"]
[EventDate "2015.07.27"]
[EventType "swiss"]
[EventRounds "9"]
[EventCountry "ESP"]
[SourceTitle "EXT 2016"]
[Source "ChessBase"]
[SourceDate "2015.10.08"]
[SourceVersion "1"]
[SourceVersionDate "2015.10.08"]
[SourceQuality "1"]

1. e4 c5 2. Nf3 d6 3. d4 cxd4 4. Nxd4 Nf6 5. Nc3 a6 6. Bg5 e6 7. f4 Be7 8. Qf3 h6 9. Bh4 Qc7 10. 0-0-0 Nbd7 11. Be2 b5 12. Bxf6 Nxf6 13. e5 Bb7 14. Qh3 dxe5 15. Nxe6 fxe6 16. Qxe6 e4 17. Bxb5+ axb5 18. Nxb5 Qxf4+ 19. Kb1 Ra6 20. Qc4 Rc6 21. Qb3 Rc5 22. Rhf1 Qe5 23. Nd4 Qd5 24. Qa4+ Bc6 25. Qa6 0-0 26. Nb3 Qe6 27. Nxc5 Bxc5 28. Qa5 Be7 29. Qc3 Ra8 30. b3 Nd5 31. Qc4 e3 32. Rfe1 Bf6 33. Rd3 Qe5 34. c3 Qd6 35. Rexe3 Kh8 36. Re1 Bg5 37. b4 Rb8 38. a3 Bb5 39. Rxd5 Qg6+ 40. Qe4 Qa6 41. Rh1 0-1

[Event "ESP-ch U18"]
[Site "Salobrena"]
[Date "2015.07.27"]
[Round "1"]
[White "Tabera Benitez, Sebastian"]
[Black "Portela Peleteiro, Alberto"]
[Result "0-1"]
[WhiteElo "1758"]
[BlackElo "2105"]
[PlyCount "98"]
[EventDate "2015.07.27"]
[EventType "swiss"]
[EventRounds "9"]
[EventCountry "ESP"]
[SourceTitle "EXT 2016"]
[Source "ChessBase"]
[SourceDate "2015.10.08"]
[SourceVersion "1"]
[SourceVersionDate "2015.10.08"]
[SourceQuality "1"]

1. e4 c5 2. Nc3 a6 3. a4 Nc6 4. g3 g6 5. Bg2 Bg7 6. d3 Nf6 7. Be3 d6 8. h3 0-0 9. Nge2 Rb8 10. d4 cxd4 11. Nxd4 Bd7 12. f4 Nxd4 13. Bxd4 b5 14. axb5 axb5 15. 0-0 b4 16. Nd5 Nxd5 17. exd5 Bxd4+ 18. Qxd4 Qb6 19. Qxb6 Rxb6 20. Ra7 Rd8 21. Rfa1 e5 22. R1a6 Rxa6 23. Rxa6 Bf5 24. c4 bxc3 25. bxc3 exf4 26. gxf4 Kf8 27. Kf2 Rc8 28. Rc6 Rxc6 29. dxc6 Ke7 30. Ke3 Kd8 31. Kd4 Kc7 32. h4 Bc2 33. Bd5 f6 34. Bg8 h6 35. Bf7 Kxc6 36. Bd5+ Kb6 37. Bc4 g5 38. fxg5 fxg5 39. hxg5 hxg5 40. Be6 Bd1 41. Kd5 Kc7 42. c4 Bf3+ 43. Kd4 Kc6 44. Ke3 Bd1 45. Kd4 g4 46. Bd5+ Kb6 47. Bg2 Bf3 48. Bf1 g3 49. Ke3 g2 0-1